La France en direct. Cahier d'exercices. 2B.

Salvato in:
Dettagli Bibliografici
Autore principale: Capelle, Janine
Altri autori: Capelle, Guy
Natura: Libro
Lingua:francese
Pubblicazione: Madrid Sociedad General Española de Librería 1980
Catalogo:MANES:  Risultati della ricerca del catalogo della biblioteca
Libro di testo Classificazione:
Tags: Aggiungi Tag
Nessun Tag, puoi essere il primo ad aggiungerne!!
Aggiunto a:2021-05-03
Cambiato in:2025-05-07

MARC

LEADER 00000nam a22000007a 4500
005 20250507133428.0
008 210504b ||||| |||| 00| 0 fre d
040 |a centro_manes  |c Centro_internacional de la cultura escolar 
100 |9 35883  |a Capelle, Janine 
245 |a La France en direct. Cahier d'exercices. 2B. 
260 |a Madrid  |b Sociedad General Española de Librería  |c 1980 
300 |a 88 p.  |c 22 x 17 cm  
500 |a Cuadernillo de ejercicios. Contiene ilustraciones en blanco y negro y ejercicios para el alumno. 
546 |a España 
561 |5 es-CICE  |3 FMa/LE254  |a España. Centro Internacional de la Cultura Escolar  |k MANES 
690 0 |a LE 
691 0 |a PRI 
700 |9 35884  |a Capelle, Guy 
942 |2 ddc  |c BK 
999 |c 92006  |d 92006 
999 |c manes:92006  |d 92006